000 00314pam a2200133a 44500
008 230405s xxu||||| |||| 00| 0 eng d
041 _aENG
100 _aMs.SWATI MAHAJAN
245 _aINDIAN ADMINISTRATION
_bB.A.-II
260 _aPune
_bNEERAJ PUBLICATION
_c
300 _a274
690 _aDONETED
906 _a7711
999 _c288522
_d288522